| 000 | 01041nam a22002417a 4500 | ||
|---|---|---|---|
| 005 | 2008061703453.0 | ||
| 008 | 080617t xxu||||| |||| 00| 0 eng d | ||
| 010 | _aENG-90343 | ||
| 020 |
_a818997310X _c620.00 |
||
| 035 | _aEN-73876 | ||
| 037 | _bDBAD / PUB | ||
| 040 |
_aDPL _bEN |
||
| 082 | _a220.24 | ||
| 100 | _aRaghunandan | ||
| 245 |
_aInsights into existence: _b(essays on the Upanisads) / _cby Raghunandan |
||
| 260 |
_aNew Delhi _bReadworthy Publications _c2008 |
||
| 270 |
_aA-18, Mohan Garden, Near Nawada Metro Station, _bNew Delhi _e110059 _k011-25371324 |
||
| 300 |
_axx, 281p. _c23 cm (Hb) |
||
| 500 | _aIncludes index | ||
| 942 |
_cEN _h220.24 _2ddc _mRAG |
||
| 999 |
_c13731 _d13731 |
||